| 000 | 00581cam a2200181 a 4500 | ||
|---|---|---|---|
| 020 | _a0408012145 : | ||
| 082 | 0 |
_a624.1821 _bOWE _cL-20, P-204 |
|
| 100 | 1 |
_aOwens, Graham, _943039 |
|
| 245 | 1 | 0 |
_aStructural steelwork connections / _cGraham W. Owens, Brian D. Cheal. |
| 260 |
_aLondon ; _aBoston : _bButterworths, _c1989. |
||
| 300 |
_avi, 330 p. : _bill. ; _c26 cm. |
||
| 526 |
_a0 _b0 _c0 _d624_182100000000000_OWE |
||
| 650 | 0 |
_aBuilding, Iron and steel _xJoints. _943040 |
|
| 650 | 0 |
_aMCE _9379 |
|
| 650 | 0 | _aSteel, Structural. | |
| 700 | 1 |
_aCheal, Brian. _943041 |
|
| 942 |
_2ddc _cBK |
||
| 999 |
_c546841 _d546841 |
||